|
|
|
|
| LEADER |
03550nam a22005775i 4500 |
| 001 |
978-3-319-41135-4 |
| 003 |
DE-He213 |
| 005 |
20160620165115.0 |
| 007 |
cr nn 008mamaa |
| 008 |
160620s2016 gw | s |||| 0|eng d |
| 020 |
|
|
|a 9783319411354
|9 978-3-319-41135-4
|
| 024 |
7 |
|
|a 10.1007/978-3-319-41135-4
|2 doi
|
| 040 |
|
|
|d GrThAP
|
| 050 |
|
4 |
|a QA76.758
|
| 072 |
|
7 |
|a UMZ
|2 bicssc
|
| 072 |
|
7 |
|a COM051230
|2 bisacsh
|
| 082 |
0 |
4 |
|a 005.1
|2 23
|
| 245 |
1 |
0 |
|a Tests and Proofs
|h [electronic resource] :
|b 10th International Conference, TAP 2016, Held as Part of STAF 2016, Vienna, Austria, July 5-7, 2016, Proceedings /
|c edited by Bernhard K. Aichernig, Carlo A. Furia.
|
| 264 |
|
1 |
|a Cham :
|b Springer International Publishing :
|b Imprint: Springer,
|c 2016.
|
| 300 |
|
|
|a XIV, 199 p. 51 illus.
|b online resource.
|
| 336 |
|
|
|a text
|b txt
|2 rdacontent
|
| 337 |
|
|
|a computer
|b c
|2 rdamedia
|
| 338 |
|
|
|a online resource
|b cr
|2 rdacarrier
|
| 347 |
|
|
|a text file
|b PDF
|2 rda
|
| 490 |
1 |
|
|a Lecture Notes in Computer Science,
|x 0302-9743 ;
|v 9762
|
| 505 |
0 |
|
|a Using Formal Methods for Verification and Validation in Railway -- Monadic Sequence Testing and Explicit Test-Refinements -- Advances in Property-Based Testing for alphaProlog -- Tests and Proofs for Enumerative Combinatorics -- Classifying Test Suite Effectiveness via Model Inference and ROBBDs -- Lighweight Symbolic Verification of Graph Transformations with Off-The-Shelf Hardware Model Checkers -- Testing-Based Formal Verification for Theorems and Its Application in Software Specification Verification -- Your Proof Fails? Testing Helps to Find the Reason -- Classifying Bugs with Interpolants -- Debugging meets testing in Erlang -- Combining Dynamic and Static Analysis to help develop Correct Graph Transformations -- Automatic predicate testing in formal certification. .
|
| 520 |
|
|
|a This book constitutes the refereed proceedings of the 10th International Conference on Tests and Proofs, TAP 2016, held as part of STAF 2016, in Vienna, Austria, in July 2016. The 8 full papers, 2 short papers, and 1 tool demonstration paper presented in this volume were carefully reviewed and selected from 19 submissions. The book also contains one invited talk in full-paper length. The TAP conference promotes research in verification and formal methods that targets the interplay of proofs and testing: the advancement of techniques of each kind and their combination, with the ultimate goal of improving software and system dependability.
|
| 650 |
|
0 |
|a Computer science.
|
| 650 |
|
0 |
|a Computer programming.
|
| 650 |
|
0 |
|a Software engineering.
|
| 650 |
|
0 |
|a Programming languages (Electronic computers).
|
| 650 |
|
0 |
|a Computer logic.
|
| 650 |
|
0 |
|a Mathematical logic.
|
| 650 |
|
0 |
|a Computer simulation.
|
| 650 |
1 |
4 |
|a Computer Science.
|
| 650 |
2 |
4 |
|a Software Engineering.
|
| 650 |
2 |
4 |
|a Programming Techniques.
|
| 650 |
2 |
4 |
|a Logics and Meanings of Programs.
|
| 650 |
2 |
4 |
|a Mathematical Logic and Formal Languages.
|
| 650 |
2 |
4 |
|a Programming Languages, Compilers, Interpreters.
|
| 650 |
2 |
4 |
|a Simulation and Modeling.
|
| 700 |
1 |
|
|a Aichernig, Bernhard K.
|e editor.
|
| 700 |
1 |
|
|a Furia, Carlo A.
|e editor.
|
| 710 |
2 |
|
|a SpringerLink (Online service)
|
| 773 |
0 |
|
|t Springer eBooks
|
| 776 |
0 |
8 |
|i Printed edition:
|z 9783319411347
|
| 830 |
|
0 |
|a Lecture Notes in Computer Science,
|x 0302-9743 ;
|v 9762
|
| 856 |
4 |
0 |
|u http://dx.doi.org/10.1007/978-3-319-41135-4
|z Full Text via HEAL-Link
|
| 912 |
|
|
|a ZDB-2-SCS
|
| 912 |
|
|
|a ZDB-2-LNC
|
| 950 |
|
|
|a Computer Science (Springer-11645)
|